000 00528nam a22001577a 4500
005 20120412111020.0
020 _a8188322164
_c400.00
035 _aB-99123
037 _aDPL
_bENG
100 _aSingh, N.P.
_944979
245 _aManu to Mandal /
_cby N.P. Singh
260 _aNew Delhi
_bOcean Books Pvt. Ltd.
_c2002
300 _a340p.
_c20 cms.
942 _2ddc
_cEN
_h301.0954
_mSIN
999 _c64896
_d64896